书目信息 |
| 书名: | The Western Horse Advice and Training | |
| 作者: | Dave Jones. | |
| 分册号: | ||
| 分册名: | 出版地: | New York : |
|
| 出版社: | University of Oklahoma Press | |
| 出版时间: | 1974. | |
| 页数: | 175 p. ; | |
| 开本: | 20cm. | |
| 丛书名: | ||
| 中图分类号: | ||
| 科图分类号: | ||
| 其他分类号: | S821 | |
| 主题词: | ||
| 电子资源: | ||
| 000 | 00402nam 2200145 a 4500 | |
| 001 | E0764005886 | |
| 005 | 20070709174911.28 | |
| 008 | 070709s1974 00010 eng | |
| 020 | @a0-8061-2334-6. | |
| 040 | @aPFT@beng | |
| 090 | @aS821 | |
| 099 | @dS821@ex7 | |
| 245 | @aThe Western Horse Advice and Training / @cDave Jones. | |
| 260 | @aNew York :@bUniversity of Oklahoma Press,@c1974. | |
| 300 | @a175 p. ;@c20cm. | |
| The Western Horse Advice and Training / / Dave Jones.-New York : : University of Oklahoma Press, , 1974. |
| 175 p. ; ; 20cm. |
| ISBN 0-8061-2334-6. |
| ● |
| 相关链接 |
|
|
|
|
正题名:The Western Horse Advice and Training
索取号:S821/x7
 
预约/预借
| 序号 | 登录号 | 条形码 | 馆藏地/架位号 | 状态 | 备注 |
| 1 | 0011737 | 300117371 | 第二样本阅览室/ [索取号:S821/x7] | 在馆 |